000 00619nam a2200217Ia 4500
005 20241129105839.0
008 241129s9999||||xx |||||||||||||| ||und||
020 _a81-8223-012-8
037 _aTB
040 _aARTS
_beng
_cARTS
041 _aeng
_2urd
084 _aO168,1N33x P4;Q7
_qARTS
100 _aTamkanat Shaz Au.
_9726496
245 0 _aKulliyat-e-Shaz Tamkanat
_cTamkanat Shaz Au.
260 _aDelhi, India
_bEducational Publishing House
_c2009
300 _a547p.
365 _aINR
_b550
650 _aUrdu Fiction
_93298
942 _cTB
_hO168,1N33x P4;Q7
999 _c1226259
_d1226259